Podnikové hospodárstvo komplexný pohľad na podnik
Saved in:
| Main Author: | |
|---|---|
| Corporate Author: | |
| Other Authors: | , , , , , , , |
| Format: | Book |
| Language: | Slovak |
| Published: |
Bratislava
Sprint vfra
2002
|
| Edition: | 6. dopln. vyd. |
| Series: | Nová ekonómia
|
| Subjects: | |
| Tags: |
No Tags, Be the first to tag this record!
|
MARC
| LEADER | 00000nam a2200000 4500 | ||
|---|---|---|---|
| 001 | c134208 | ||
| 005 | 20240502071322.1 | ||
| 020 | |a 80-88848-93-8 | ||
| 041 | 0 | |a slo | |
| 044 | |a SK | ||
| 245 | 1 | 0 | |a Podnikové hospodárstvo |b komplexný pohľad na podnik |c Milan Kupkovič a kolektív |
| 250 | |a 6. dopln. vyd. | ||
| 264 | 1 | |a Bratislava |b Sprint vfra |c 2002 | |
| 300 | |a 461 s. | ||
| 490 | 1 | |a Nová ekonómia | |
| 830 | 0 | |a Nová ekonómia | |
| 610 | 2 | 0 | |a hospodárstvo podnikové |
| 610 | 2 | 0 | |a hospodárstvo trhové |
| 610 | 2 | 0 | |a podnik |
| 610 | 2 | 0 | |a ciele podnikové |
| 610 | 2 | 0 | |a cyklus podniku životný |
| 610 | 2 | 0 | |a druhy podnikov |
| 610 | 2 | 0 | |a formy podnikov |
| 610 | 2 | 0 | |a majetok investičný |
| 610 | 2 | 0 | |a majetok obežný |
| 610 | 2 | 0 | |a sily pracovné |
| 610 | 2 | 0 | |a motivácia pracovná |
| 610 | 2 | 0 | |a transformácia podniku |
| 610 | 2 | 0 | |a zásobovanie |
| 610 | 2 | 0 | |a výroba |
| 610 | 2 | 0 | |a investície |
| 610 | 2 | 0 | |a predaj |
| 610 | 2 | 0 | |a náklady |
| 610 | 2 | 0 | |a ceny |
| 610 | 2 | 0 | |a majetok podnikový |
| 610 | 2 | 0 | |a hospodárenie podnikové |
| 100 | 1 | |a Kupkovič, Milan | |
| 700 | 1 | |a Fejfarová, Stanislava | |
| 700 | 1 | |a Majtán, Štefan | |
| 700 | 1 | |a Neumannová, Anna | |
| 700 | 1 | |a Satková, Blanka | |
| 700 | 1 | |a Majdúchová, Helena, 1963- | |
| 700 | 1 | |a Rajňák, Milan | |
| 700 | 1 | |a Mišík, Vladimír | |
| 700 | 1 | |a Strinková, Viera | |
| 710 | 2 | |a Fakulta podnikového manažmentu EU. Katedra podnikovohospodárska | |